Statistics for Guess Country by Satellite View (Europe)

Click here to take the quiz!

General Stats

  • This quiz has been taken 53 times
  • The average score is 29 of 56

Answer Stats

Answer% Correct
France
93%
Italy
88%
Greece
84%
Norway
84%
Netherlands
81%
Spain
81%
Portugal
79%
Bulgaria
74%
Switzerland
74%
Croatia
72%
Denmark
67%
France
65%
Albania
63%
Austria
63%
Sweden
63%
Belgium
60%
Estonia
58%
Bosnia and Herzegovina
56%
Czechia
56%
Germany
56%
Monaco
56%
Poland
56%
United Kingdom
56%
Ireland
51%
Latvia
51%
Cyprus
49%
Romania
49%
Russia
49%
Malta
47%
Russia
47%
Ukraine
47%
United Kingdom
47%
Hungary
44%
Iceland
44%
Luxembourg
44%
Russia
44%
Serbia
44%
Spain
44%
United Kingdom
44%
Italy
42%
Liechtenstein
42%
Slovenia
42%
Andorra
40%
Italy
40%
Lithuania
40%
Moldova
40%
Montenegro
40%
Azerbaijan
37%
Belarus
37%
Georgia
37%
Vatican
35%
Kosovo
33%
Slovakia
33%
Armenia
28%
San Marino
28%
Turkey
26%

Score Distribution

Percentile by Number Answered

Percent of People with Each Score

Your Score History

You have not taken this quiz